Die 200 beliebtesten ♂ ♀ Vornamen in Kanada - Statistiken

Allgemein
  • Dieses Quiz wurde 47 mal gespielt
  • Das Durchschnittsergebnis liegt bei 48 aus 202
Antwortstatistiken
♀ / ♂ Name % Korrekt
Jungen - - > | Mädchen - - > ⤵️
100%
A4 Anna
83%
J4 John
72%
J4 Jack
69%
L3 Leo
67%
E4 Emma
64%
E3 Eli
58%
M3 Mia
58%
O6 Olivia
58%
J5 James
53%
L4 Liam
53%
L5 Louis
53%
M5 Maria
53%
W7 William
53%
C9 Charlotte
50%
H6 Hannah
50%
L4 Lena
50%
N4 Noah
50%
S6 Sophia
50%
Z3 Zoe
50%
B8 Benjamin
47%
E4 Ella
47%
E3 Eva
47%
T4 Theo
47%
T6 Thomas
47%
V6 Victor
47%
C7 Charlie
44%
L3 Lea
44%
L4 Luca
44%
L4 Luna
44%
O6 Oliver
44%
S5 Sarah
44%
S6 Sophie
44%
A6 Amelia
42%
C5 Clara
42%
E5 Emily
42%
I8 Isabella
42%
I8 Isabelle
42%
J6 Joseph
42%
S5 Sofia
42%
V8 Victoria
42%
A9 Alexander
39%
A4 Aria
39%
C5 Chloe
39%
E6 Emilia
39%
E5 Ethan
39%
E6 Evelyn
39%
J5 Julia
39%
L5 Lucas
39%
N4 Nora
39%
R4 Rose
39%
A5 Alice
36%
A3 Ava
36%
L4 Lucy
36%
M4 Maya
36%
M4 Mila
36%
N6 Nathan
36%
A7 Abigail
33%
E5 Elena
33%
E9 Elizabeth
33%
E5 Ellie
33%
G5 Grace
33%
H6 Hailey
33%
I4 Isla
33%
J5 Jacob
33%
J9 Josephine
33%
L4 Lily
33%
A6 Aurora
31%
C6 Claire
31%
D6 Daniel
31%
I3 Ivy
31%
L5 Livia
31%
L4 Luke
31%
M7 Michael
31%
N5 Naomi
31%
Q5 Quinn
31%
T8 Theodore
31%
C7 Charles
28%
D5 David
28%
F8 Florence
28%
G7 Georgia
28%
H6 Harper
28%
H5 Hazel
28%
J7 Jasmine
28%
P8 Penelope
28%
R4 Romy
28%
R7 Rosalie
28%
S8 Scarlett
28%
V6 Violet
28%
W6 Willow
28%
Z4 Zoey
28%
A6 Audrey
25%
E7 Eleanor
25%
E6 Eliana
25%
E5 Elias
25%
G7 Gabriel
25%
L5 Logan
25%
O4 Owen
25%
A4 Adam
22%
A5 Avery
22%
A4 Ayla
22%
E6 Eloise
22%
L4 Leah
22%
M7 Matthew
22%
R4 Ruby
22%
S6 Samuel
22%
S6 Stella
22%
H5 Henry
19%
J7 Jackson
19%
L5 Layla
19%
L7 Lillian
19%
M3 Max
19%
C6 Connor
17%
F5 Felix
17%
F5 Freya
17%
J6 Joshua
17%
L4 Levi
17%
M7 Madison
17%
J4 Jade
14%
N7 Natalie
14%
N5 Nolan
14%
R7 Raphael
14%
S9 Sebastian
14%
J4 Jake
11%
J6 Jayden
11%
L4 Luka
11%
R4 Ryan
11%
A5 Aiden
8%
A7 Anthony
8%
A6 Arthur
8%
C7 Camille
8%
D5 Dylan
8%
H6 Hunter
8%
J6 Jordan
8%
N5 Norah
8%
O7 Olivier
8%
S5 Sadie
8%
E6 Elliot
6%
E4 Evan
6%
G6 Gianna
6%
H5 Henri
6%
K3 Kai
6%
M5 Mason
6%
M6 Matteo
6%
M5 Miles
6%
R5 Riley
6%
X6 Xavier
6%
A6 Austin
3%
A4 Axel
3%
C5 Caleb
3%
C6 Carter
3%
E6 Everly
3%
M5 Mateo
3%
M5 Milan
3%
P6 Parker
3%
W5 Wyatt
3%
A7 Addison
0%
A6 Alexis
0%
A6 Arnaud
0%
A5 Asher
0%
A6 Athena
0%
A6 Aubrey
0%
B8 Beatrice
0%
B4 Beau
0%
B7 Bennett
0%
B7 Brielle
0%
B8 Brooklyn
0%
B6 Brooks
0%
D6 Declan
0%
E7 Edouard
0%
E6 Elijah
0%
E5 Emile
0%
E6 Emmett
0%
E7 Everett
0%
E4 Ezra
0%
G7 Grayson
0%
H6 Hayden
0%
H6 Hudson
0%
I5 Isaac
0%
I6 Isaiah
0%
J6 Jasper
0%
J5 Jaxon
0%
J6 Jaxson
0%
J8 Juliette
0%
K7 Kinsley
0%
L6 Lennon
0%
L7 Lincoln
0%
M9 Mackenzie
0%
M7 Madelyn
0%
M5 Maeva
0%
M5 Maeve
0%
M8 Maverick
0%
M8 Muhammad
0%
M5 Myles
0%
N4 Nova
0%
P7 Paisley
0%
R5 Rowan
0%
S6 Sienna
0%
W6 Wesley
0%
Z7 Zachary
0%
Keine übereinstimmenden Quizze gefunden
Verteilung der Resultate
Anzahl Personen mit jedem Resultat
Perzentil nach korrekt beantworteten Fragen
Ihre Resultats-Entwicklung
Sie haben dieses Quiz noch nicht gespielt